| 000 | 00683nam a22002057a 4500 | ||
|---|---|---|---|
| 005 | 20130510155254.0 | ||
| 010 | _aENG-107022 | ||
| 020 |
_a9788184050691 _c825.00 |
||
| 035 | _aEN-90555 | ||
| 037 | _bDBAD/PUB | ||
| 082 | _a306.3 | ||
| 245 |
_aVirtual social identity and consumer behavior / _cedited by Natalie T. Wood [and] Michael R. Solomon |
||
| 260 |
_aNew Delhi _bReference Press _c2011 |
||
| 270 |
_a4831/24, Ansari Road, Daryaganj _bNew Delhi _e110002 |
||
| 300 |
_axv, 230p.: _bill. _c22cm(Hb) |
||
| 500 | _aIncludes bibliographical references and index | ||
| 700 | _aWood,Natalie T. | ||
| 700 | _aSolomon, Michael R. | ||
| 942 |
_2ddc _cEN _h306.3 _mVIR |
||
| 999 |
_c75325 _d75325 |
||